000
00319nam a22001337a 4500
008
170424b xxu||||| |||| 00| 0 eng d
020
_a
9780321838995
041
_a
eng
080
_2
8 ED
_a
SHM
100
_a
11
101
_a
SHM
245
_a
INVESTIGATING BIOLOGY LABORATORY MANUAL
_c
MORGAN.J.G
942
_2
udc
_c
BK
999
_c
11589
_d
11589